Los Trabajos finales de graduación: su elaboración en las Ciencias Sociales

Gespeichert in:
Bibliographische Detailangaben
1. Verfasser: Brenes Chacón, Albam
Format: Text
Veröffentlicht: San José: EUNED
Schlagworte:
Tags: Tag hinzufügen
Keine Tags, Fügen Sie den ersten Tag hinzu!

MARC

LEADER 00000 a a2200000 04500
001 31539
003
040
020 |a 9977-64-323-7  
090 |a 198800  
100 |a Brenes Chacón, Albam  
245 |a Los Trabajos finales de graduación: su elaboración en las Ciencias Sociales  
260 |a San José:   |b EUNED  
300 |a 322 p.  
650 |a INFORMES DE INVESTIGACION  
650 |a INVESTIGACION SOCIAL  
650 |a CIENCIAS SOCIALES  
650 |a ORGANIZACION DE LA INVESTIGACION  
650 |a METODOLOGIA  
999 |c 10354  |d 10354